| 000 | 01472nam a2200241 a 4500 | ||
|---|---|---|---|
| 008 | 070521s2003 ||||||||||||||||| || u | ||
| 020 | _a0072537477 | ||
| 050 | _aHF 5694.S57 Sla | ||
| 100 | _aSlater, Jeffrey | ||
| 245 | 1 | 0 | _aPractical business math procedures |
| 250 | _a7th ed. | ||
| 260 |
_aBoston: _bMcGraw-Hill _c2003 |
||
| 300 | _axii, 297p. : ill. | ||
| 350 | _a0.00 | ||
| 500 | _aText accompanied by a DVD-ROM and a handbook & study guide (See Reference Librarian) | ||
| 650 | 0 | _aMATHEMATICS--HANDBOOKS, MANUALS, ETC | |
| 650 | 0 | _aBUSINESS MATHEMATICS--PROBLEMS, EXERCISES, ETC | |
| 995 |
_aMAIN LIBRARY OPEN ACCESS _D0.00 _e737815 _FCBU-MAIN LIBRARY (Kitwe) _H1 _I0.00 _jHF 5694.S57 SLA _M3 _UAVAILABLE _WMay 21, 2007 _y54561 _ZMain Library Open Access Collection |
||
| 995 |
_aMAIN LIBRARY OPEN ACCESS _D0.00 _e737813 _FCBU-MAIN LIBRARY (Kitwe) _H1 _I0.00 _jHF 5694.S57 SLA _M1 _UAVAILABLE _WMay 21, 2007 _y54565 _ZMain Library Open Access Collection |
||
| 995 |
_aANNEX COLLECTION (Main Library) _D0.00 _e737814 _FCBU-MAIN LIBRARY (Kitwe) _H1 _I0.00 _jHF 5694.S57 SLA _M2 _UAVAILABLE _WMay 21, 2007 _y54563 _ZAnnex Low-Usage Collection |
||
| 995 |
_aANNEX COLLECTION (Main Library) _D0.00 _e737816 _FCBU-MAIN LIBRARY (Kitwe) _H1 _I0.00 _jHF 5694.S57 SLA _M4 _UAVAILABLE _WMay 21, 2007 _y54567 _ZAnnex Low-Usage Collection |
||
| 995 |
_aANNEX COLLECTION (Main Library) _e737817 _FCBU-MAIN LIBRARY (Kitwe) _I0.00 _jHF 5694.S57 Sla _M5 _UAVAILABLE _WFeb 14, 2013 _y54570 _ZAnnex Low-Usage Collection |
||
| 999 |
_c82109 _d82109 |
||